Muslim peoples : a world ethnographic survey
Αποθηκεύτηκε σε:
| Άλλοι συγγραφείς: | |
|---|---|
| Μορφή: | Βιβλίο |
| Γλώσσα: | English |
| Δημοσίευση: |
Westport :
Greenwood Press,
1984
|
| Έκδοση: | 2nd ed., rev. and exp. |
| Θέματα: | |
| Ετικέτες: |
Προσθήκη ετικέτας
Δεν υπάρχουν, Καταχωρήστε ετικέτα πρώτοι!
|
MARC
| LEADER | 00000nam a2200000 i 4500 | ||
|---|---|---|---|
| 001 | 1/6220 | ||
| 008 | 960625s1984 eng d | ||
| 020 | |a 0-313-23392-6 | ||
| 035 | |l 10016278 | ||
| 040 | |a GR-MY-UA |b gre |e aacr | ||
| 041 | 0 | |a eng | |
| 082 | 0 | |a 305.6971 | |
| 245 | 1 | 0 | |a Muslim peoples : |b a world ethnographic survey / |c Edited by Richard V. Weeks |
| 250 | |a 2nd ed., rev. and exp. | ||
| 260 | |a Westport : |b Greenwood Press, |c 1984 | ||
| 300 | |a 2 τ. | ||
| 500 | |a Contents: [1] Acehnese-Lur - [2] Maba-Yoruk | ||
| 650 | 0 | 0 | |a Muslims. |
| 650 | 0 | 0 | |a Ethnology |z Islamic countries. |
| 651 | 0 | |a Islamic countries |x Social life and customs. | |
| 700 | 1 | |a Weeks, Richard V. |4 edt | |
| 852 | |a INST |b LESVOS |e 19960625 |h 305.6971 MUS |p 005100009792 |q 005100009792 |t BK |y 0 |z v.2 | ||
| 852 | |a INST |b LESVOS |e 19960625 |h 305.6971 MUS |p 005100009793 |q 005100009793 |t BK |y 0 |z v.1 | ||
| 852 | |a INST |b LESVOS |e 19960625 |h 305.6971 MUS |p 005100009792 |q 005100009792 |t BK |v v.2: |y 0 |z v.2 | ||
| 852 | |a INST |b LESVOS |e 19960625 |h 305.6971 MUS |p 005100009793 |q 005100009793 |t BK |v v.1: |y 0 |z v.1 | ||
| 853 | |a INST |b LESVOS |h 305.6971 MUS | ||
| 909 | |a Λ |b 043892 | ||
| 909 | |a Λ |b 043893 | ||